Európsky systém sociálnych štatistík a sociálnych informácií

Európsky systém sociálnych štatistík a sociálnych informácií je jednoznačne stanovený, štruktúrovaný a logicky usporiadaný. Zreteľne vymedzuje okruhy sociálnych javov spoločnosti, ktoré sú predmetom analýz a umožňuje ich parciálne ako aj komplexné posudzovanie. Touto štruktúrov sa v súčasnosti riadi...

Ausführliche Beschreibung

Gespeichert in:
Bibliographische Detailangaben
1. Verfasser: Olexa, Milan
Weitere Verfasser: Baxa, Pavol
Format: Buchkapitel
Sprache:Slowakisch
Schlagworte:
Tags: Tag hinzufügen
Keine Tags, Fügen Sie das erste Tag hinzu!

MARC

LEADER 00000nla$a2200000$$$4500
001 0132452
005 20240502072510.7
041 0 |a slo 
044 |a SK 
245 1 0 |a Európsky systém sociálnych štatistík a sociálnych informácií  |c Milan Olexa, Pavol Baxa 
520 |a Európsky systém sociálnych štatistík a sociálnych informácií je jednoznačne stanovený, štruktúrovaný a logicky usporiadaný. Zreteľne vymedzuje okruhy sociálnych javov spoločnosti, ktoré sú predmetom analýz a umožňuje ich parciálne ako aj komplexné posudzovanie. Touto štruktúrov sa v súčasnosti riadi aj Štatistický program spoločenstva, ktorý schvaľuje Európsky parlament a Rady vždy na 5-ročné obdobie. 
610 2 0 |a štatistika sociálna 
610 2 0 |a systémy štatistické 
610 2 0 |a Európa 
100 1 |a Olexa, Milan 
700 1 |a Baxa, Pavol